Los grandes penalistas italianos (Record no. 177894)

MARC details
000 -LEADER
campo de control de longitud fija 00932nam a22002175i 4500
001 - NÚMERO DE CONTROL
campo de control 177894
003 - IDENTIFICADOR DE NÚMERO DE CONTROL
campo de control ES-MaACL
005 - FECHA Y HORA DE LA ÚLTIMA TRANSACCIÓN
campo de control 20250929063256.0
008 - DATOS DE LONGITUD FIJA--INFORMACIÓN GENERAL
campo de control de longitud fija 110505s1941 sp |||| | spa d
080 ## - NÚMERO DE LA CLASIFICACIÓN DECIMAL UNIVERSAL
Número de la Clasificación Decimal Universal 343.2(450)(091)
100 1# - ENTRADA PRINCIPAL--NOMBRE DE PERSONA
Nombre de persona Sánchez Tejerina, Isaías,
Fechas asociadas al nombre 1892-1959
9 (RLIN) 102947
245 14 - MENCIÓN DEL TÍTULO
Título Los grandes penalistas italianos
Resto del título : conferencia pronunciada el día 20 de marzo de 1941 en la apertura de cursos de la sección de Salamanca /
Mención de responsabilidad, etc. por Isaías Sánchez-Tejerina.
260 ## - PUBLICACIÓN, DISTRIBUCIÓN, ETC.
Lugar de publicación, distribución, etc. Madrid :
Nombre del editor, distribuidor, etc. Istituto Italiano di Cultura in Ispagna,
Fecha de publicación, distribución, etc. 1941.
300 ## - DESCRIPCIÓN FÍSICA
Extensión 8 p. ;
Dimensiones 25 cm.
490 1# - MENCIÓN DE SERIE
Mención de serie Quaderni dell'Istituto Italiano di Cultura in Spagna ;
Designación de volumen o secuencia 1
650 #7 - PUNTO DE ACCESO ADICIONAL DE MATERIA--TÉRMINO DE MATERIA
Término de materia o nombre geográfico como elemento de entrada Derecho penal-
Subdivisión geográfica Italia
Fuente del encabezamiento o término
9 (RLIN) 155394
710 0# - ENTRADA AGREGADA--NOMBRE DE ENTIDAD CORPORATIVA
Nombre de entidad corporativa o nombre de jurisdicción como elemento de entrada Istituto Italiano di Cultura (Madrid)
9 (RLIN) 5298
830 0# - PUNTO DE ACCESO ADICIONAL DE SERIE-TÍTULO UNIFORME
Título uniforme Quaderni dell'Istituto Italiano di Cultura in Spagna ;
Designación de volumen o secuencia 1
9 (RLIN) 190645
852 ## - LOCALIZACIÓN
Ubicación ES-MaACL
Número de control de estantería 2289-F-8
Encuadernación Olim P-914
Holdings
Estatus retirado Estado de pérdida Estado de daño No para préstamo Colección Biblioteca de origen Biblioteca actual Ubicación en estantería Fecha de adquisición Fuente de adquisición Total de préstamos Signatura topográfica completa Código de barras Visto por última vez Precio de reemplazo Tipo de ítem Koha
        Colección de folletos Biblioteca del Ateneo de Madrid Biblioteca del Ateneo de Madrid Depósito folletos 05/05/2011     2289-F-8 1186882 23/02/2023 23/02/2023 Folleto